[Event "Grand Swiss "]
[Date "2025.09.06"]
[White "Abdusattorov, Nodirbek"]
[Black "Puranik, Abhimanyu"]
[WhiteElo "2748"]
[BlackElo "2640"]
[Round "3.3.6"]
[Result "1-0"]

1. e3 {[%clk 01:40:46] [%emt 00:00:14]} Nf6 {[%clk 01:38:41] [%emt 00:02:18]} 2.
Nf3 {[%clk 01:41:01] [%emt 00:00:15]} b6 {[%clk 01:38:04] [%emt 00:01:07]} 3. d4
{[%clk 01:40:56] [%emt 00:00:35]} Bb7 {[%clk 01:38:29] [%emt 00:00:06]} 4. Bd3
{[%clk 01:40:56] [%emt 00:00:30]} e6 {[%clk 01:38:13] [%emt 00:00:46]} 5. O-O
{[%clk 01:40:09] [%emt 00:01:17]} d5 {[%clk 01:37:05] [%emt 00:01:38]} 6. b3
{[%clk 01:40:02] [%emt 00:00:36]} Nbd7 {[%clk 01:35:08] [%emt 00:02:27]} 7. Bb2
{[%clk 01:40:09] [%emt 00:00:23]} Be7 {[%clk 01:34:06] [%emt 00:01:33]} 8. Qe2
{[%clk 01:39:35] [%emt 00:01:04]} O-O {[%clk 01:32:44] [%emt 00:01:51]} 9. Rd1
{[%clk 01:39:19] [%emt 00:00:46]} c5 {[%clk 01:30:48] [%emt 00:02:27]} 10. Nbd2
{[%clk 01:34:00] [%emt 00:05:48]} Qc7 {[%clk 01:29:19] [%emt 00:01:59]} 11. Rac1
{[%clk 01:25:56] [%emt 00:08:34]} Ne4 {[%clk 01:21:57] [%emt 00:07:52]} 12. c4
{[%clk 01:25:05] [%emt 00:01:20]} Nxd2 {[%clk 01:22:18] [%emt 00:00:09]} 13.
Nxd2 {[%clk 01:22:37] [%emt 00:02:58]} Rad8 {[%clk 01:08:58] [%emt 00:13:51]}
14. cxd5 {[%clk 01:20:51] [%emt 00:02:16]} exd5 {[%clk 01:08:26] [%emt
00:01:01]} 15. Nf3 {[%clk 01:15:11] [%emt 00:06:09]} Rfe8 {[%clk 01:04:31] [%emt
00:04:25]} 16. Qc2 {[%clk 01:08:13] [%emt 00:07:28]} g6 {[%clk 01:02:11] [%emt
00:02:50]} 17. Bb5 {[%clk 01:02:32] [%emt 00:06:10]} a6 {[%clk 00:54:23] [%emt
00:08:19]} 18. dxc5 {[%clk 01:01:29] [%emt 00:01:33]} bxc5 {[%clk 00:54:51]
[%emt 00:00:03]} 19. Ba4 {[%clk 00:57:41] [%emt 00:04:18]} Bc6 {[%clk 00:50:48]
[%emt 00:04:34]} 20. Bxc6 {[%clk 00:56:21] [%emt 00:01:50]} Qxc6 {[%clk
00:51:16] [%emt 00:00:01]} 21. h3 {[%clk 00:52:09] [%emt 00:04:42]} Qb7 {[%clk
00:46:57] [%emt 00:04:49]} 22. Rd3 {[%clk 00:44:24] [%emt 00:08:15]} Nf8 {[%clk
00:40:17] [%emt 00:07:10]} 23. Rcd1 {[%clk 00:42:44] [%emt 00:02:11]} Ne6 {[%clk
00:37:45] [%emt 00:03:01]} 24. Qd2 {[%clk 00:42:48] [%emt 00:00:26]} Qb5 {[%clk
00:34:21] [%emt 00:03:54]} 25. Kh2 {[%clk 00:29:42] [%emt 00:13:36]} Qb8+ {[%clk
00:27:14] [%emt 00:07:37]} 26. Kh1 {[%clk 00:28:48] [%emt 00:01:24]} Qb5 {[%clk
00:24:40] [%emt 00:03:04]} 27. Ba1 {[%clk 00:23:09] [%emt 00:06:09]} Rd6 {[%clk
00:21:49] [%emt 00:03:20]} 28. Be5 {[%clk 00:19:33] [%emt 00:04:07]} Rdd8 {[%clk
00:16:15] [%emt 00:06:04]} 29. Kh2 {[%clk 00:17:24] [%emt 00:02:38]} f6 {[%clk
00:15:24] [%emt 00:01:21]} 30. Bc3 {[%clk 00:15:48] [%emt 00:02:06]} Kf7 {[%clk
00:14:07] [%emt 00:01:48]} 31. Ba5 {[%clk 00:13:48] [%emt 00:02:30]} Rd7 {[%clk
00:13:57] [%emt 00:00:39]} 32. a4 {[%clk 00:14:12] [%emt 00:00:07]} Qb8+ {[%clk
00:14:17] [%emt 00:00:10]} 33. Kg1 {[%clk 00:14:17] [%emt 00:00:25]} Bd8 {[%clk
00:11:26] [%emt 00:03:22]} 34. Bc3 {[%clk 00:14:46] [%emt 00:00:01]} Bb6 {[%clk
00:09:19] [%emt 00:02:37]} 35. Qa2 {[%clk 00:11:34] [%emt 00:03:42]} d4 {[%clk
00:06:52] [%emt 00:02:57]} 36. exd4 {[%clk 00:11:52] [%emt 00:00:12]} cxd4
{[%clk 00:07:06] [%emt 00:00:15]} 37. b4 {[%clk 00:12:03] [%emt 00:00:19]} Kg7
{[%clk 00:06:35] [%emt 00:01:01]} 38. Bd2 {[%clk 00:11:41] [%emt 00:00:52]} Nd8
{[%clk 00:05:31] [%emt 00:01:34]} 39. Qc4 {[%clk 00:10:21] [%emt 00:01:50]} Qb7
{[%clk 00:01:22] [%emt 00:04:39]} 40. Nxd4 {[%clk 00:09:26] [%emt 00:01:25]} Rc7
{[%clk 00:01:08] [%emt 00:00:44]} 41. Qb3 {[%clk 00:07:05] [%emt 00:02:49]} Rce7
{[%clk 00:50:11] [%emt 00:01:27]} 42. Bc3 {[%clk 00:50:35] [%emt 00:07:00]} Nf7
{[%clk 00:50:18] [%emt 00:00:23]} 43. Nf3 {[%clk 00:50:41] [%emt 00:00:23]} Qc6
{[%clk 00:50:26] [%emt 00:00:23]} 44. a5 {[%clk 00:43:02] [%emt 00:08:10]} Ba7
{[%clk 00:49:21] [%emt 00:01:34]} 45. R3d2 {[%clk 00:39:32] [%emt 00:04:00]} Bb8
{[%clk 00:45:56] [%emt 00:03:55]} 46. Rd5 {[%clk 00:36:06] [%emt 00:03:55]} Qe6
{[%clk 00:38:50] [%emt 00:07:37]} 47. Qb2 {[%clk 00:35:14] [%emt 00:01:23]} Nd6
{[%clk 00:38:43] [%emt 00:00:37]} 48. R5d3 {[%clk 00:31:10] [%emt 00:04:34]} Nb5
{[%clk 00:34:35] [%emt 00:04:39]} 49. Re3 {[%clk 00:30:33] [%emt 00:01:06]} Qc6
{[%clk 00:34:35] [%emt 00:00:29]} 50. Bd4 {[%clk 00:28:46] [%emt 00:02:20]} Nxd4
{[%clk 00:33:41] [%emt 00:01:23]} 51. Rxe7+ {[%clk 00:26:09] [%emt 00:03:06]}
Rxe7 {[%clk 00:34:10] [%emt 00:00:01]} 52. Qxd4 {[%clk 00:26:33] [%emt
00:00:06]} Qb5 {[%clk 00:32:29] [%emt 00:02:11]} 53. h4 {[%clk 00:22:27] [%emt
00:04:37]} Ba7 {[%clk 00:29:44] [%emt 00:03:14]} 54. Qd6 {[%clk 00:22:25] [%emt
00:00:32]} Qe2 {[%clk 00:28:08] [%emt 00:02:05]} 55. Rd2 {[%clk 00:19:03] [%emt
00:03:53]} Qe4 {[%clk 00:28:31] [%emt 00:00:05]} 56. g3 {[%clk 00:18:38] [%emt
00:00:57]} Qb7 {[%clk 00:21:12] [%emt 00:07:49]} 57. h5 {[%clk 00:17:03] [%emt
00:02:05]} gxh5 {[%clk 00:18:10] [%emt 00:03:31]} 58. Kh2 {[%clk 00:13:01] [%emt
00:04:32]} Bb8 {[%clk 00:18:26] [%emt 00:00:15]} 59. Qc5 {[%clk 00:10:59] [%emt
00:02:31]} Ba7 {[%clk 00:16:50] [%emt 00:02:07]} 60. Qd6 {[%clk 00:06:01] [%emt
00:05:27]} Bb8 {[%clk 00:17:15] [%emt 00:00:05]} 61. Qd3 {[%clk 00:06:07] [%emt
00:00:25]} Qe4 {[%clk 00:09:23] [%emt 00:08:22]} 62. Nd4 {[%clk 00:04:09] [%emt
00:02:28]} Qxd3 {[%clk 00:09:45] [%emt 00:00:07]} 63. Rxd3 {[%clk 00:04:36]
[%emt 00:00:03]} Rb7 {[%clk 00:00:37] [%emt 00:09:39]} 64. Ne6+ {[%clk 00:02:56]
[%emt 00:02:08]} Kg6 {[%clk 00:14:33] [%emt 00:01:35]} 65. Nc5 {[%clk 00:18:17]
[%emt 00:00:09]} Rxb4 {[%clk 00:12:07] [%emt 00:02:56]} 66. Nxa6 {[%clk
00:18:43] [%emt 00:00:05]} Rb5 {[%clk 00:12:29] [%emt 00:00:07]} 67. Nxb8 {[%clk
00:19:10] [%emt 00:00:04]} Rxb8 {[%clk 00:12:28] [%emt 00:00:31]} 68. a6 {[%clk
00:18:42] [%emt 00:00:58]} Ra8 {[%clk 00:12:24] [%emt 00:00:33]} 69. Ra3 {[%clk
00:18:25] [%emt 00:00:47]} Ra7 {[%clk 00:12:46] [%emt 00:00:09]} 70. Kg2 {[%clk
00:14:11] [%emt 00:04:43]} Kg5 {[%clk 00:13:01] [%emt 00:00:16]} 71. Ra4 {[%clk
00:14:32] [%emt 00:00:11]} f5 {[%clk 00:13:02] [%emt 00:00:28]} 72. Kf3 {[%clk
00:14:50] [%emt 00:00:11]} h6 {[%clk 00:11:03] [%emt 00:02:30]} 73. Kg2 {[%clk
00:14:37] [%emt 00:00:42]} Kg6 {[%clk 00:10:43] [%emt 00:00:51]} 74. Kh3 {[%clk
00:15:00] [%emt 00:00:06]} Kg5 {[%clk 00:11:09] [%emt 00:00:05]} 75. Ra5 {[%clk
00:14:09] [%emt 00:01:22]} Kf6 {[%clk 00:11:02] [%emt 00:00:36]} 76. Kh4 {[%clk
00:14:33] [%emt 00:00:07]} Kg6 {[%clk 00:11:30] [%emt 00:00:02]} 77. Ra4 {[%clk
00:14:01] [%emt 00:01:01]} Kf6 {[%clk 00:11:40] [%emt 00:00:21]} 78. Kxh5 {[%clk
00:14:25] [%emt 00:00:06]} Kg7 {[%clk 00:12:07] [%emt 00:00:02]} 79. Kh4 {[%clk
00:12:56] [%emt 00:01:59]} Kg6 {[%clk 00:12:35] [%emt 00:00:02]} 80. Kh3 {[%clk
00:13:17] [%emt 00:00:08]} Kg5 {[%clk 00:12:52] [%emt 00:00:14]} 81. Kg2 {[%clk
00:13:34] [%emt 00:00:13]} f4 {[%clk 00:13:06] [%emt 00:00:16]} 82. Ra5+ {[%clk
00:13:58] [%emt 00:00:06]} 1-0

[Site "Europe Echecs"]

[Event "Grand Swiss "]
[Date "2025.09.06"]
[White "Giri, Anish"]
[Black "Svane, Frederik"]
[WhiteElo "2746"]
[BlackElo "2643"]
[Round "3.3.7"]
[Result "1/2-1/2"]

1. e4 {[%clk 01:40:56] [%emt 00:00:02]} e5 {[%clk 01:40:54] [%emt 00:00:07]} 2.
Nf3 {[%clk 01:41:21] [%emt 00:00:04]} Nc6 {[%clk 01:41:20] [%emt 00:00:05]} 3.
Bc4 {[%clk 01:41:39] [%emt 00:00:12]} Nf6 {[%clk 01:41:37] [%emt 00:00:13]} 4.
d3 {[%clk 01:42:03] [%emt 00:00:06]} Bc5 {[%clk 01:42:02] [%emt 00:00:05]} 5.
O-O {[%clk 01:41:38] [%emt 00:00:54]} d6 {[%clk 01:41:53] [%emt 00:00:40]} 6. c3
{[%clk 01:42:01] [%emt 00:00:06]} a5 {[%clk 01:42:06] [%emt 00:00:18]} 7. h3
{[%clk 01:41:48] [%emt 00:00:43]} O-O {[%clk 01:41:56] [%emt 00:00:40]} 8. Bb3
{[%clk 01:41:07] [%emt 00:01:10]} h6 {[%clk 01:35:45] [%emt 00:06:42]} 9. Re1
{[%clk 01:39:22] [%emt 00:02:15]} Bb6 {[%clk 01:35:23] [%emt 00:00:52]} 10. Na3
{[%clk 01:32:21] [%emt 00:07:31]} Be6 {[%clk 01:27:57] [%emt 00:07:53]} 11. Bc2
{[%clk 01:29:51] [%emt 00:03:02]} Nd7 {[%clk 00:56:21] [%emt 00:32:06]} 12. d4
{[%clk 01:27:52] [%emt 00:02:29]} exd4 {[%clk 00:55:13] [%emt 00:01:38]} 13.
Nxd4 {[%clk 01:27:49] [%emt 00:00:33]} Qh4 {[%clk 00:38:50] [%emt 00:16:53]} 14.
Nab5 {[%clk 01:20:12] [%emt 00:08:07]} Nce5 {[%clk 00:30:34] [%emt 00:08:46]}
15. a4 {[%clk 00:57:34] [%emt 00:23:08]} Nf6 {[%clk 00:28:58] [%emt 00:02:06]}
16. b3 {[%clk 00:57:04] [%emt 00:00:59]} Rfe8 {[%clk 00:25:53] [%emt 00:03:35]}
17. Ra2 {[%clk 00:42:52] [%emt 00:14:42]} d5 {[%clk 00:20:12] [%emt 00:06:11]}
18. f4 {[%clk 00:34:33] [%emt 00:08:49]} Bg4 {[%clk 00:18:24] [%emt 00:02:19]}
19. Qd2 {[%clk 00:30:28] [%emt 00:04:35]} Nf3+ {[%clk 00:16:39] [%emt 00:02:11]}
20. gxf3 {[%clk 00:30:55] [%emt 00:00:06]} Bxf3 {[%clk 00:15:50] [%emt
00:01:20]} 21. Qf2 {[%clk 00:30:18] [%emt 00:01:07]} Qxh3 {[%clk 00:16:11] [%emt
00:00:09]} 22. Qh2 {[%clk 00:30:41] [%emt 00:00:06]} Qg4+ {[%clk 00:15:37] [%emt
00:01:04]} 23. Kf1 {[%clk 00:21:55] [%emt 00:09:17]} Nxe4 {[%clk 00:15:29] [%emt
00:00:39]} 24. Re3 {[%clk 00:21:45] [%emt 00:00:39]} Ng3+ {[%clk 00:09:37] [%emt
00:06:23]} 25. Kf2 {[%clk 00:21:52] [%emt 00:00:22]} Ne4+ {[%clk 00:07:19] [%emt
00:02:48]} 26. Kf1 {[%clk 00:22:16] [%emt 00:00:06]} Ng3+ {[%clk 00:01:51] [%emt
00:05:57]} 27. Kf2 {[%clk 00:22:45] [%emt 00:00:01]} Ne4+ {[%clk 00:01:04] [%emt
00:01:18]} 28. Kf1 {[%emt 00:01:03]} 1/2-1/2

[Site "Europe Echecs"]

[Event "Grand Swiss "]
[Date "2025.09.06"]
[White "Salem, A.R. Saleh"]
[Black "Nepomniachtchi, Ian"]
[WhiteElo "2640"]
[BlackElo "2742"]
[Round "3.3.8"]
[Result "1/2-1/2"]

1. d4 {[%clk 01:40:57] [%emt 00:00:02]} Nf6 {[%clk 01:40:53] [%emt 00:00:07]} 2.
c4 {[%clk 01:41:23] [%emt 00:00:05]} e6 {[%clk 01:41:18] [%emt 00:00:05]} 3. Nc3
{[%clk 01:41:48] [%emt 00:00:06]} Bb4 {[%clk 01:41:42] [%emt 00:00:05]} 4. e3
{[%clk 01:42:09] [%emt 00:00:09]} O-O {[%clk 01:42:01] [%emt 00:00:10]} 5. Bd3
{[%clk 01:42:35] [%emt 00:00:05]} d5 {[%clk 01:42:25] [%emt 00:00:06]} 6. Nf3
{[%clk 01:42:53] [%emt 00:00:12]} c5 {[%clk 01:42:38] [%emt 00:00:18]} 7. O-O
{[%clk 01:43:01] [%emt 00:00:23]} dxc4 {[%clk 01:42:57] [%emt 00:00:11]} 8. Bxc4
{[%clk 01:43:26] [%emt 00:00:05]} cxd4 {[%clk 01:42:44] [%emt 00:00:43]} 9. exd4
{[%clk 01:43:50] [%emt 00:00:06]} b6 {[%clk 01:43:11] [%emt 00:00:03]} 10. Qe2
{[%clk 01:43:59] [%emt 00:00:20]} Bb7 {[%clk 01:43:08] [%emt 00:00:33]} 11. Rd1
{[%clk 01:44:22] [%emt 00:00:07]} h6 {[%clk 01:41:09] [%emt 00:02:29]} 12. a3
{[%clk 01:44:14] [%emt 00:00:39]} Bd6 {[%clk 01:37:30] [%emt 00:04:08]} 13. Ne5
{[%clk 01:43:58] [%emt 00:00:46]} Nc6 {[%clk 01:33:02] [%emt 00:04:58]} 14. Bf4
{[%clk 01:44:02] [%emt 00:00:26]} Na5 {[%clk 01:23:50] [%emt 00:09:42]} 15. Ba2
{[%clk 01:42:16] [%emt 00:02:16]} Rc8 {[%clk 01:21:44] [%emt 00:02:36]} 16. Re1
{[%clk 01:22:34] [%emt 00:20:12]} Nd5 {[%clk 01:15:55] [%emt 00:06:19]} 17. Nxd5
{[%clk 01:07:39] [%emt 00:15:25]} Bxd5 {[%clk 01:16:19] [%emt 00:00:06]} 18.
Bxd5 {[%clk 01:02:46] [%emt 00:05:24]} Bxe5 {[%clk 01:15:34] [%emt 00:01:14]}
19. dxe5 {[%clk 01:00:29] [%emt 00:02:46]} Qxd5 {[%clk 01:15:56] [%emt
00:00:08]} 20. b4 {[%clk 00:52:32] [%emt 00:08:27]} Qc4 {[%clk 01:08:22] [%emt
00:08:04]} 21. bxa5 {[%clk 00:45:23] [%emt 00:07:39]} Qxf4 {[%clk 01:08:48]
[%emt 00:00:04]} 22. axb6 {[%clk 00:45:37] [%emt 00:00:17]} axb6 {[%clk
01:09:11] [%emt 00:00:06]} 23. Qb5 {[%clk 00:38:29] [%emt 00:07:38]} Qd4 {[%clk
01:08:51] [%emt 00:00:50]} 24. Rab1 {[%clk 00:38:19] [%emt 00:00:40]} Rc2 {[%clk
01:06:23] [%emt 00:02:58]} 25. Qxb6 {[%clk 00:38:06] [%emt 00:00:43]} Qxb6
{[%clk 01:06:51] [%emt 00:00:01]} 26. Rxb6 {[%clk 00:38:30] [%emt 00:00:07]} Ra8
{[%clk 01:07:18] [%emt 00:00:03]} 27. Rb3 {[%clk 00:38:28] [%emt 00:00:32]} Ra2
{[%clk 01:07:43] [%emt 00:00:04]} 28. h4 {[%clk 00:37:48] [%emt 00:01:10]} R2xa3
{[%clk 01:08:09] [%emt 00:00:05]} 29. Rxa3 {[%clk 00:37:56] [%emt 00:00:23]}
Rxa3 {[%clk 01:08:36] [%emt 00:00:01]} 30. h5 {[%clk 00:33:24] [%emt 00:05:03]}
Kh7 {[%clk 01:07:59] [%emt 00:01:07]} 31. Re4 {[%clk 00:33:15] [%emt 00:00:39]}
Ra5 {[%clk 01:08:05] [%emt 00:00:24]} 32. g4 {[%clk 00:32:54] [%emt 00:00:50]}
1/2-1/2

[Site "Europe Echecs"]

[Event "Grand Swiss "]
[Date "2025.09.06"]
[White "Mendonca, Leon Luke"]
[Black "Vachier-Lagrave, Maxime"]
[WhiteElo "2615"]
[BlackElo "2738"]
[Round "3.3.9"]
[Result "1/2-1/2"]

1. d4 {[%clk 01:40:23] [%emt 00:00:37]} Nf6 {[%clk 01:40:54] [%emt 00:00:06]} 2.
c4 {[%clk 01:40:40] [%emt 00:00:13]} e6 {[%clk 01:41:22] [%emt 00:00:04]} 3. Nc3
{[%clk 01:39:25] [%emt 00:01:44]} d5 {[%clk 01:41:47] [%emt 00:00:05]} 4. cxd5
{[%clk 01:39:48] [%emt 00:00:06]} exd5 {[%clk 01:42:14] [%emt 00:00:03]} 5. Bg5
{[%clk 01:39:58] [%emt 00:00:19]} c6 {[%clk 01:42:11] [%emt 00:00:34]} 6. e3
{[%clk 01:40:05] [%emt 00:00:23]} h6 {[%clk 01:42:34] [%emt 00:00:06]} 7. Bh4
{[%clk 01:40:29] [%emt 00:00:06]} Be7 {[%clk 01:43:00] [%emt 00:00:04]} 8. Bd3
{[%clk 01:40:41] [%emt 00:00:18]} O-O {[%clk 01:43:21] [%emt 00:00:09]} 9. Bg3
{[%clk 01:39:29] [%emt 00:01:41]} c5 {[%clk 01:35:00] [%emt 00:08:52]} 10. Nge2
{[%clk 01:32:16] [%emt 00:07:42]} Nc6 {[%clk 01:33:29] [%emt 00:02:02]} 11. O-O
{[%clk 01:32:21] [%emt 00:00:25]} Bg4 {[%clk 01:28:48] [%emt 00:05:10]} 12. dxc5
{[%clk 01:25:47] [%emt 00:07:04]} Bxc5 {[%clk 01:29:04] [%emt 00:00:14]} 13. h3
{[%clk 01:22:47] [%emt 00:03:30]} Bxe2 {[%clk 01:27:17] [%emt 00:02:17]} 14.
Nxe2 {[%clk 01:23:07] [%emt 00:00:11]} Qb6 {[%clk 01:24:17] [%emt 00:03:31]} 15.
Rc1 {[%clk 01:16:57] [%emt 00:06:39]} Rad8 {[%clk 01:23:07] [%emt 00:01:40]} 16.
a3 {[%clk 01:05:20] [%emt 00:12:08]} Bd6 {[%clk 01:21:11] [%emt 00:02:25]} 17.
Bxd6 {[%clk 01:02:46] [%emt 00:03:04]} Rxd6 {[%clk 01:21:36] [%emt 00:00:05]}
18. b4 {[%clk 00:59:00] [%emt 00:04:16]} a6 {[%clk 01:19:04] [%emt 00:03:02]}
19. Nc3 {[%clk 00:53:07] [%emt 00:06:23]} Ne5 {[%clk 01:13:00] [%emt 00:06:33]}
20. Na4 {[%clk 00:53:21] [%emt 00:00:16]} Qd8 {[%clk 01:13:24] [%emt 00:00:06]}
21. Nc5 {[%clk 00:51:43] [%emt 00:02:08]} Qe7 {[%clk 01:13:39] [%emt 00:00:16]}
22. Qe2 {[%clk 00:39:09] [%emt 00:13:04]} a5 {[%clk 01:09:04] [%emt 00:05:05]}
23. Rfd1 {[%clk 00:36:43] [%emt 00:02:56]} axb4 {[%clk 01:08:27] [%emt
00:01:07]} 24. axb4 {[%clk 00:37:11] [%emt 00:00:01]} Rc6 {[%clk 01:08:00] [%emt
00:00:57]} 25. Bb5 {[%clk 00:33:17] [%emt 00:04:25]} Rc7 {[%clk 01:07:02] [%emt
00:01:26]} 26. Nd3 {[%clk 00:31:46] [%emt 00:02:03]} Rxc1 {[%clk 01:06:25] [%emt
00:01:07]} 27. Rxc1 {[%clk 00:32:14] [%emt 00:00:02]} Nxd3 {[%clk 01:06:47]
[%emt 00:00:08]} 28. Bxd3 {[%clk 00:32:39] [%emt 00:00:05]} Qxb4 {[%clk
01:07:13] [%emt 00:00:05]} 29. Rb1 {[%clk 00:33:06] [%emt 00:00:03]} Qe7 {[%clk
01:06:40] [%emt 00:01:02]} 30. Qb2 {[%clk 00:32:46] [%emt 00:00:50]} Rc8 {[%clk
01:05:33] [%emt 00:01:37]} 1/2-1/2

[Site "Europe Echecs"]